| 000 | 00393nam a22001697a 4500 | ||
|---|---|---|---|
| 003 | CEME | ||
| 005 | 20210628203426.0 | ||
| 008 | 210129b xxu||||| |||| 00| 0 eng d | ||
| 040 | _c. | ||
| 082 | _a891.4393 QAS | ||
| 100 |
_aQasmi, Ahmed Nadeem _925476 |
||
| 245 | _a Ablay | ||
| 260 |
_aLAHORE _bASATEER _c1995 |
||
| 300 | _a170P | ||
| 650 |
_aURDU ADAB-FICTION _965375 |
||
| 942 |
_cBK _2ddc |
||
| 999 |
_c573606 _d573606 |
||